| 000 | 00577nam a22001817a 4500 | ||
|---|---|---|---|
| 999 |
_c524860 _d524860 |
||
| 003 | NUST | ||
| 005 | 20190626114755.0 | ||
| 008 | 190626b ||||| |||| 00| 0 eng d | ||
| 038 | _aMr. Noman Tariq | ||
| 082 | _a621.3 | ||
| 100 |
_aMuhammad Tabish Niaz. _915658 |
||
| 245 |
_aPassive Source Localization of Randomly Distributed Nodes in Wireless Sensor Networks/ _cMuhammad Tabish Niaz. |
||
| 260 |
_aRawalpindi : _bMCS NUST, _c2012. |
||
| 300 |
_a70 p. : ill. ; _c30 cm. |
||
| 500 | _aHard Cover. | ||
| 600 |
_aElectrical Engineering -Ms Thesis _915630 |
||
| 942 |
_2ddc _cTHE |
||